<?xml version="1.0" encoding="UTF-8"?>
<record
    xmlns:xsi="http://www.w3.org/2001/XMLSchema-instance"
    xsi:schemaLocation="http://www.loc.gov/MARC21/slim http://www.loc.gov/standards/marcxml/schema/MARC21slim.xsd"
    xmlns="http://www.loc.gov/MARC21/slim">

  <leader>03786nam a2200277 a 4500</leader>
  <controlfield tag="001">000013394</controlfield>
  <controlfield tag="005">20200929163221.0</controlfield>
  <controlfield tag="008">091124s1977    dr a          000 0 spa d</controlfield>
  <datafield tag="040" ind1=" " ind2=" ">
    <subfield code="a">DO-SdBNP</subfield>
    <subfield code="b">spa</subfield>
    <subfield code="c">BNPHU</subfield>
  </datafield>
  <datafield tag="082" ind1=" " ind2=" ">
    <subfield code="a">xxxx</subfield>
    <subfield code="b">xxxx</subfield>
  </datafield>
  <datafield tag="245" ind1="0" ind2="0">
    <subfield code="a">Matem&#xE1;tica libro de trabajo :</subfield>
    <subfield code="b">1er. curso, educaci&#xF3;n primaria /</subfield>
    <subfield code="c">Ernestina Grull&#xF3;n... [et. al.].</subfield>
  </datafield>
  <datafield tag="260" ind1=" " ind2=" ">
    <subfield code="a">Santo Domingo :</subfield>
    <subfield code="b">Edyca,</subfield>
    <subfield code="c">1977.</subfield>
  </datafield>
  <datafield tag="300" ind1=" " ind2=" ">
    <subfield code="a">120 p. :</subfield>
    <subfield code="b">il. ;</subfield>
    <subfield code="c">25 cm.</subfield>
  </datafield>
  <datafield tag="490" ind1="1" ind2=" ">
    <subfield code="a">Educaci&#xF3;n Santillana</subfield>
  </datafield>
  <datafield tag="505" ind1="1" ind2=" ">
    <subfield code="g">Unidad 1</subfield>
    <subfield code="t">Noci&#xF3;n de conjuntos --</subfield>
    <subfield code="t">Pertenencia --</subfield>
    <subfield code="t">Correspondencia --</subfield>
    <subfield code="t">Comparaci&#xF3;n de conjuntos --</subfield>
    <subfield code="t">Cardinales del 1 al 5 --</subfield>
    <subfield code="t">Cardinales del 6 al 10 y el 0 --</subfield>
    <subfield code="t">Relaciones &#xAB;mayor que&#xBB;, &#xAB;menor que&#xBB;, &#xAB;igual a&#xBB; --</subfield>
    <subfield code="t">Orden en los cardinales. Recta num&#xE9;rica --</subfield>
    <subfield code="t">Sucesor y antecesor de un n&#xFA;mero cardinal --</subfield>
    <subfield code="t">Uni&#xF3;n de conjuntos disjuntos y adici&#xF3;n de cardinales --</subfield>
    <subfield code="t">Sustraci&#xF3;n de cardinales --</subfield>
    <subfield code="t">Cardinales del 11 al 14 --</subfield>
    <subfield code="t">Cardinales del 15 al 20 --</subfield>
    <subfield code="t">Sistema de numeraci&#xF3;n decimal, decenas y unidades --</subfield>
    <subfield code="t">Cardinales del 21 al 100 --</subfield>
    <subfield code="t">Decenas y unidades --</subfield>
    <subfield code="g">Unidad 2</subfield>
    <subfield code="t">Adici&#xF3;n de carninales en el &#xE1;mbito num&#xE9;rico del 0 al 100 --</subfield>
    <subfield code="t">Sustraci&#xF3;n de carninales en el &#xE1;mbito num&#xE9;rico del 0 al 100 --</subfield>
    <subfield code="t">Multiplicaci&#xF3;n --</subfield>
    <subfield code="t">Divisi&#xF3;n --</subfield>
    <subfield code="t">Noci&#xF3;n de mitad y doble --</subfield>
    <subfield code="t">Fracciones: medios, tercios y cuarto --</subfield>
    <subfield code="t">L&#xED;neas --</subfield>
    <subfield code="t">Interior y esterior --</subfield>
    <subfield code="t">Formas triangulares y cuadradas --</subfield>
    <subfield code="t">Formas circulares y rectangulares --</subfield>
    <subfield code="t">Patrones --</subfield>
    <subfield code="t">Comparaciones &#xAB;m&#xE1;s largo que&#xBB;, &#xAB;m&#xE1;s corto que&#xBB;, &#xAB;tan largo como&#xBB; --</subfield>
    <subfield code="t">Unidadades de medidas no estandarizadas de longitud, capacidady peso --</subfield>
    <subfield code="t">El reloj --</subfield>
    <subfield code="t">Las monedas --</subfield>
  </datafield>
  <datafield tag="505" ind1="0" ind2=" ">
    <subfield code="a">Matem&#xE1;tica libro del alumno: 2do. curso, educaci&#xF3;n primaria</subfield>
    <subfield code="g">Unidad 2</subfield>
    <subfield code="t">Uni&#xF3;n de conjuntos disjuntos y adici&#xF3;n de cardinales --</subfield>
    <subfield code="t">Adici&#xF3;n en la recta num&#xE9;rica --</subfield>
    <subfield code="t">Separaci&#xF3;n de conjuntos y sustracci&#xF3;n de cardinales. Sustracci&#xF3;n en la recta num&#xE9;rica --</subfield>
    <subfield code="t">Multiplicaci&#xF3;n como suma de sumandos iguales --</subfield>
    <subfield code="t">Multiplicaci&#xF3;n por dos y por tres --</subfield>
    <subfield code="t">Divisi&#xF3;n --</subfield>
    <subfield code="t">Actividades de aplicaci&#xF3;n --</subfield>
    <subfield code="t">Fracciones --</subfield>
    <subfield code="t">Fracci&#xF3;n de un n&#xFA;mero --</subfield>
    <subfield code="t">Actividades de aplicaci&#xF3;n --</subfield>
    <subfield code="t">L&#xED;neas rectas y curvas --</subfield>
    <subfield code="t">Regi&#xF3;n cuadrada, triangular, rectangular y circular. Actividades de aplicaci&#xF3;n --</subfield>
    <subfield code="t">Unidades de medidas no estandarizadas de longitud y superficie --</subfield>
    <subfield code="t">Sistema m&#xE9;trico decimal: metro, dec&#xED;metro y cent&#xED;metro --</subfield>
    <subfield code="t">Iniciaci&#xF3;n a las medidas de capacidad --</subfield>
    <subfield code="t">Las monedas --</subfield>
    <subfield code="t">El tiempo --</subfield>
    <subfield code="t">Actividades de aplicaci&#xF3;n .</subfield>
  </datafield>
  <datafield tag="505" ind1="0" ind2=" ">
    <subfield code="a">Gu&#xED;as para el maestro. Matem&#xE1;tica 2do. curso, educaci&#xF3;n primaria</subfield>
    <subfield code="t">Conjuntos --</subfield>
    <subfield code="t">Pertenencia --</subfield>
    <subfield code="t">Subconjuntos --</subfield>
    <subfield code="t">Conjuntos equivalentes --</subfield>
    <subfield code="t">Uni&#xF3;n de conjuntos --</subfield>
    <subfield code="t">Cardinales hasta el 100 --</subfield>
    <subfield code="t">Sistema de numeraci&#xF3;n decimal. Decena y unidades</subfield>
    <subfield code="t">Cardinales hasta el 1000. Las centenas --</subfield>
    <subfield code="t">Orden en los cardinales --</subfield>
    <subfield code="t">Numeros ordinales hasta el 12 --</subfield>
    <subfield code="t">Relaciones &#xAB;mayor que&#xBB;, &#xAB;menor que&#xBB;, &#xAB;igual que&#xBB; --</subfield>
    <subfield code="t">Secuencias num&#xE9;ricas. Sucesor y antecesor de un n&#xFA;mero --</subfield>
    <subfield code="t">Numeros romanos hasta el XII --</subfield>
    <subfield code="t">Uni&#xF3;n de conjuntos disjuntos y adici&#xF3;n de cardinales --</subfield>
    <subfield code="t">Separaci&#xF3;n de conjuntos y sustracci&#xF3;n de cardinales. Sustracci&#xF3;n en la recta num&#xE9;rica --</subfield>
    <subfield code="t">Multiplicaci&#xF3;n como suma de sumandos iguales --</subfield>
    <subfield code="t">Multiplicaci&#xF3;n por dos y por tres --</subfield>
    <subfield code="t">Divisi&#xF3;n --</subfield>
    <subfield code="t">Fracciones --</subfield>
    <subfield code="t">Fracci&#xF3;n de un n&#xFA;mero --</subfield>
    <subfield code="t">L&#xED;neas rectas y curvas --</subfield>
    <subfield code="t">Regi&#xF3;n cuadradas, triangular, rectangular y circular --</subfield>
    <subfield code="t">Sistema m&#xE9;trico decimal --</subfield>
    <subfield code="t">Iniciaci&#xF3;n a las medidas de capacidad --</subfield>
    <subfield code="t">Las monedas. El peso --</subfield>
    <subfield code="t">El tiempo.</subfield>
  </datafield>
  <datafield tag="590" ind1=" " ind2=" ">
    <subfield code="a">Inventariado, 2019/BT</subfield>
  </datafield>
  <datafield tag="700" ind1="1" ind2="2">
    <subfield code="a">Grull&#xF3;n, Ernestina</subfield>
    <subfield code="9">30644</subfield>
  </datafield>
  <datafield tag="700" ind1="1" ind2="2">
    <subfield code="a">Luisa Mar&#xED;a Altagracia</subfield>
    <subfield code="9">30645</subfield>
  </datafield>
  <datafield tag="700" ind1="1" ind2="2">
    <subfield code="a">Bejaran de Rodr&#xED;guez, Argentina</subfield>
    <subfield code="9">30646</subfield>
  </datafield>
  <datafield tag="700" ind1="1" ind2="2">
    <subfield code="a">Llaver&#xED;as Col&#xF3;n, Germecinda</subfield>
    <subfield code="9">30647</subfield>
  </datafield>
  <datafield tag="700" ind1="1" ind2="2">
    <subfield code="a">Moyano, Celia</subfield>
    <subfield code="9">30648</subfield>
  </datafield>
  <datafield tag="700" ind1="1" ind2="2">
    <subfield code="a">Silvente, Ana</subfield>
    <subfield code="9">30649</subfield>
  </datafield>
  <datafield tag="830" ind1=" " ind2="0">
    <subfield code="a">Educaci&#xF3;n Santillana</subfield>
    <subfield code="9">30650</subfield>
  </datafield>
  <datafield tag="952" ind1=" " ind2=" ">
    <subfield code="0">0</subfield>
    <subfield code="1">0</subfield>
    <subfield code="5">4</subfield>
    <subfield code="7">0</subfield>
    <subfield code="8">PD</subfield>
    <subfield code="a">GR</subfield>
    <subfield code="b">GR</subfield>
    <subfield code="c">HD</subfield>
    <subfield code="d">2019-05-13</subfield>
    <subfield code="i">LF1</subfield>
    <subfield code="l">0</subfield>
    <subfield code="o">v. 2, e. 3</subfield>
    <subfield code="p">13394-50</subfield>
    <subfield code="r">2020-06-25</subfield>
    <subfield code="w">2020-06-25</subfield>
    <subfield code="y">LFPD</subfield>
    <subfield code="Z">Pr&#xE9;stamo en sala</subfield>
  </datafield>
  <datafield tag="952" ind1=" " ind2=" ">
    <subfield code="0">0</subfield>
    <subfield code="1">0</subfield>
    <subfield code="7">1</subfield>
    <subfield code="8">PD</subfield>
    <subfield code="a">PD</subfield>
    <subfield code="b">PD</subfield>
    <subfield code="c">HD</subfield>
    <subfield code="d">2009-11-24</subfield>
    <subfield code="i">LF1</subfield>
    <subfield code="l">0</subfield>
    <subfield code="o">v. 1</subfield>
    <subfield code="p">13394-10</subfield>
    <subfield code="r">2020-06-25</subfield>
    <subfield code="w">2020-06-25</subfield>
    <subfield code="y">LFPD</subfield>
    <subfield code="Z">No se presta</subfield>
  </datafield>
  <datafield tag="952" ind1=" " ind2=" ">
    <subfield code="0">0</subfield>
    <subfield code="1">0</subfield>
    <subfield code="7">1</subfield>
    <subfield code="8">PD</subfield>
    <subfield code="a">PD</subfield>
    <subfield code="b">PD</subfield>
    <subfield code="c">HD</subfield>
    <subfield code="d">2009-11-24</subfield>
    <subfield code="i">LF1</subfield>
    <subfield code="l">0</subfield>
    <subfield code="o">v. 1, e. 2</subfield>
    <subfield code="p">13394-20</subfield>
    <subfield code="r">2020-06-25</subfield>
    <subfield code="w">2020-06-25</subfield>
    <subfield code="y">LFPD</subfield>
    <subfield code="Z">No se presta</subfield>
  </datafield>
  <datafield tag="952" ind1=" " ind2=" ">
    <subfield code="0">0</subfield>
    <subfield code="1">0</subfield>
    <subfield code="7">1</subfield>
    <subfield code="8">PD</subfield>
    <subfield code="a">PD</subfield>
    <subfield code="b">PD</subfield>
    <subfield code="c">HD</subfield>
    <subfield code="d">2009-11-24</subfield>
    <subfield code="i">LF1</subfield>
    <subfield code="l">0</subfield>
    <subfield code="o">v. 2</subfield>
    <subfield code="p">13394-30</subfield>
    <subfield code="r">2020-06-25</subfield>
    <subfield code="w">2020-06-25</subfield>
    <subfield code="y">LFPD</subfield>
    <subfield code="Z">No se presta</subfield>
  </datafield>
  <datafield tag="952" ind1=" " ind2=" ">
    <subfield code="0">0</subfield>
    <subfield code="1">0</subfield>
    <subfield code="7">1</subfield>
    <subfield code="8">PD</subfield>
    <subfield code="a">PD</subfield>
    <subfield code="b">PD</subfield>
    <subfield code="c">HD</subfield>
    <subfield code="d">2018-05-08</subfield>
    <subfield code="i">LF1</subfield>
    <subfield code="l">0</subfield>
    <subfield code="o">v. 2, e. 2</subfield>
    <subfield code="p">13394-40</subfield>
    <subfield code="r">2020-06-25</subfield>
    <subfield code="w">2020-06-25</subfield>
    <subfield code="y">LFPD</subfield>
    <subfield code="Z">No se presta</subfield>
  </datafield>
  <datafield tag="999" ind1=" " ind2=" ">
    <subfield code="c">13020</subfield>
    <subfield code="d">13020</subfield>
  </datafield>
</record>
